| 000 | 00573nam a2200205Ia 4500 | ||
|---|---|---|---|
| 005 | 20250508162119.0 | ||
| 008 | 008 250505s9999 xx 000 0 hin d | ||
| 037 | _aTextual | ||
| 040 |
_aFEDL _beng _cFEDL |
||
| 041 |
_ahin _2hin |
||
| 084 |
_a370.954, JHI _qFEDL |
||
| 100 |
_aJhigran Vansh Gopal _9772338 |
||
| 245 | 0 | _aHumarey shiksha-prativedan | |
| 260 |
_aAligarh, India _bVishwa Prakashan _c1959 |
||
| 300 | _a552p. | ||
| 650 | _aEducation | ||
| 700 |
_a Sharma Ved Ram _9772339 |
||
| 942 |
_cTEXL _h370.954, JHI |
||
| 999 |
_c1374461 _d1374461 |
||